U.S Presidents by Order of Term - Statistics

General Stats
  • This quiz has been taken 23 times
  • The average score is 26 of 46
Answer Stats
Hint Answer % Correct
1 George Washington
100%
2 John Adams
100%
3 Thomas Jefferson
100%
4 James Madison
93%
5 James Monroe
93%
7 Andrew Jackson
87%
6 John Quincy Adams
87%
10 John Tyler
87%
8 Martin Van Buren
80%
45 Donald Trump
73%
9 William Henry Harrison
73%
42 Bill Clinton
67%
43 George W. Bush
67%
16 Abraham Lincoln
60%
44 Barrack Obama
60%
39 Jimmy Carter
60%
35 John F. Kennedy
60%
37 Richard Nixon
60%
34 Dwight D. Eisenhower
53%
32 Franklin D. Roosevelt
53%
33 Harry S. Truman
53%
31 Herbert Hoover
53%
15 James Buchanan
53%
46 Joseph Biden
53%
13 Millard Fillmore
53%
26 Theodore Roosevelt
53%
27 William Howard Taft
53%
28 Woodrow Wilson
53%
12 Zachary Taylor
53%
30 Calvin Coolidge
47%
21 Chester A. Arthur
47%
22 Grover Cleveland
47%
24 Grover Cleveland
47%
20 James A. Garfield
47%
18 Ulysses S Grant
47%
29 Warren G. Harding
47%
25 William McKinley
47%
23 Benjamin Harrison
40%
14 Franklin Pierce
40%
41 Gerald H.W Bush
40%
40 Roland Reagan
40%
19 Rutherford B. Hayes
40%
11 James Polk
20%
17 Andrew Jackson
13%
38 Jerald Ford
0%
36 Lynden B. Johnson
0%
No matching quizzes found
Score Distribution
Percent of People with Each Score
Percentile by Number Answered
Your Score History
You have not taken this quiz